000 00626nam a22002057a 4500
005 20130816144454.0
010 _aENG-108075
020 _c500.00
035 _aEN-91608
037 _bDBAD/PUB
082 _a510
100 _aSharma, Munish
245 _aQuantitative aptitude :
_cby Munish Sharma
_bsession II-section D for CA-CPT /
250 _a2nd ed
260 _aNew Delhi
_bVG Learning Destination
_c2013
270 _a3-E/11, Jhandewalan Extension, Near Videocon Tower
_bNew Delhi
_e110055
300 _avarious pagings
_c28cm(pbk)
505 _aPt-1-mathematics
942 _2ddc
_cEN
_mSHA
_h510
999 _c77663
_d77663